000 00773nam a22002897a 4500
005 20250930165345.0
008 180419b1989 xxu||||| |||| 00| 0 spa d
020 _a9686223231
041 _aESP
082 _a620.86 G861s
100 _aGrimaldi, John
100 _aSimonds, Rollin
245 _aLa seguridad industrial: su administración
250 _a2 edición
260 _aMéxico
260 _bAlfaomega
260 _c1991
300 _a743 páginas
490 _aDirección de Educación Comunitaria y Asistencia Técnica
650 _aSEGURIDAD INDUSTRIAL
650 _aSALUD OCUPACIONAL
650 _aHIGIENE INDUSTRIAL
650 _aPROTECCIÓN PERSONAL
650 _aINCENDIOS
650 _aCONTROL DE CATÁSTROFES
942 _cBK
_2ddc
999 _c10978
_d10978